[Event "Tilburg 74/421"]
[Site "?"]
[Date "1998.??.??"]
[Round "?"]
[White "Van Wely, Loek"]
[Black "Kortschnoj, Viktor"]
[Result "1-0"]
[WhiteElo "2635"]
[BlackElo "2625"]
[PlyCount "119"]
[EventDate "1998.??.??"]
[Source "ChessBase"]
[SourceDate "1998.10.01"]

1. d4 d5 2. c4 e6 3. Nc3 c5 4. cxd5 exd5 5. Nf3 Nc6 6. g3 c4 7. Bg2 Bb4 8. O-O Nge7 9. Bd2 O-O 10. a3 Ba5 11. b3 cxb3 12. Qxb3 Bf5 13. Rfd1 b6 14. e3 Rc8 15. Rac1 Qd6 16. h3 Bxc3 17. Bxc3 Be4 18. Bb4 Nxb4 19. Qxb4 Qxb4 20. axb4 Rxc1 21. Rxc1 Rc8 22. Ra1 Rc7 23. Ne1 Bxg2 24. Kxg2 g5 25. b5 f6 26. Nd3 Kf7 27. Ra6 Ke6 28. Nb4 h5 29. g4 h4 30. Kf3 Kd6 31. Ke2 Rc4 32. Nd3 Nc8 33. Kd2 Kc7 34. Ra1 Kb7 35. Rb1 Kc7 36. Nb4 Kd6 37. Kd3 Rc7 38. f3 Ne7 39. e4 Ke6 40. Re1 dxe4+ 41. fxe4 Ng6 42. Nd5 Nf4+ 43. Nxf4+ gxf4 44. Rf1 Rc8 45. Rxf4 Rc1 46. d5+ Ke7 47. g5 fxg5 48. Rf5 Kd6 49. Rxg5 Kc5 50. Rg7 Rh1 51. Rc7+ Kxb5 52. Kd4 Rxh3 53. d6 Rh1 54. Ke5 h3 55. Rc2 Rd1 56. Ke6 Ka4 57. e5 b5 58. Kd7 b4 59. e6 b3 60. Rh2 1-0

[Event "Clichy 82/363"]
[Site "?"]
[Date "2001.??.??"]
[Round "?"]
[White "Lautier, J."]
[Black "Conquest, S."]
[Result "1-0"]
[WhiteElo "2658"]
[BlackElo "2563"]
[PlyCount "67"]
[EventDate "2001.??.??"]
[Source "Chess Informant"]
[SourceDate "2001.06.01"]

1. d4 d5 2. c4 e6 3. Nc3 c5 4. cxd5 exd5 5. Nf3 Nc6 6. g3 c4 7. Bg2 Bb4 8. O-O Nge7 9. e4 O-O 10. Nxd5 Nxd5 11. exd5 Qxd5 12. a3 Ba5 13. Ne5 Qb5 14. a4 Qa6 15. Be3 Be6 16. Qh5 Rad8 17. Rfd1 Bd5 18. Nd7 Rxd7 19. Bxd5 Rfd8 20. Be4 g6 21. Qf3 f5 22. Bxc6 bxc6 23. Rac1 Bc7 24. Bg5 Rb8 25. Qe2 Qxa4 26. Be7 Kg7 27. Qe6 c5 28. Bxc5 Rf7 29. d5 Re8 30. Qc6 Qxc6 31. dxc6 Be5 32. Re1 Bxb2 33. Rxe8 Bxc1 34. Bd6 1-0

[Event "Bermuda-A"]
[Site "Bermuda"]
[Date "2003.02.03"]
[Round "9"]
[White "Gershon, Alik"]
[Black "Christiansen, Larry Mark"]
[Result "0-1"]
[WhiteElo "2571"]
[BlackElo "2562"]
[PlyCount "112"]
[EventDate "2003.01.25"]
[Source "ChessBase"]
[SourceDate "2003.05.26"]

1. d4 d5 2. c4 e6 3. Nc3 c5 4. cxd5 exd5 5. Nf3 Nc6 6. g3 c4 7. Bg2 Bb4 8. O-O Nge7 9. Bd2 O-O 10. b3 Na5 11. Na4 Bxd2 12. Nxd2 cxb3 13. axb3 Bf5 14. e4 dxe4 15. Nxe4 Be6 16. Nac5 Bd5 17. b4 Nc4 18. Qd3 b6 19. Na6 Nd6 20. Rfe1 Nxe4 21. Bxe4 Bxe4 22. Rxe4 Nd5 23. b5 Rc8 24. Rae1 Qd7 25. Re5 g6 26. h4 h5 27. Qb3 Nf6 28. Nb4 Qh3 29. R5e2 Ng4 30. f4 Nh6 31. Nd5 Kg7 32. Ne7 Nf5 33. Rh2 Qg4 34. Nxc8 Rxc8 35. Rg2 Nxd4 36. Qb2 Rc4 37. Rc1 Rxc1+ 38. Qxc1 Ne2+ 39. Rxe2 Qxe2 40. Qc3+ Kf8 41. Qc8+ Ke7 42. Qb7+ Kf6 43. Qd5 Ke7 44. Qb7+ Ke6 45. Qc8+ Kf6 46. Qd7 Qe7 47. Qd3 Qc5+ 48. Kh2 Ke6 49. Qe4+ Kd6 50. Qd3+ Qd5 51. Qa3+ Ke6 52. Qa6 Kf6 53. Qa1+ Kf5 54. Qxa7 Kg4 55. Qa1 Qd2+ 56. Kh1 Qf2 0-1

[Event "Asia-chT"]
[Site "Singapore"]
[Date "1995.??.??"]
[Round "5"]
[White "Dao Thien Hai"]
[Black "Graf, Alexander"]
[Result "1-0"]
[WhiteElo "2545"]
[BlackElo "2585"]
[PlyCount "89"]
[EventDate "1995.12.??"]
[Source "ChessBase"]

1. d4 d5 2. c4 e6 3. Nc3 c5 4. cxd5 exd5 5. Nf3 Nc6 6. g3 c4 7. Bg2 Bb4 8. O-O Nge7 9. Ne1 Bf5 10. Nc2 O-O 11. Nxb4 Nxb4 12. Bg5 f6 13. Bf4 Qd7 14. a3 Nbc6 15. b3 cxb3 16. Qxb3 Nxd4 17. Qd1 Ndc6 18. Nxd5 Rad8 19. Bc7 Rde8 20. Nxe7+ Nxe7 21. Qxd7 Bxd7 22. Bxb7 Nf5 23. Rfd1 Rf7 24. e4 Ba4 25. Bd5 Bxd1 26. Rxd1 Nh6 27. Rb1 g5 28. Rb8 Rxb8 29. Bxb8 a6 30. h4 Kg7 31. hxg5 fxg5 32. Bxf7 Kxf7 33. f4 Ng4 34. Kg2 Ne3+ 35. Kf3 Nc4 36. a4 Nd2+ 37. Ke3 Nf1+ 38. Kd3 Nxg3 39. fxg5 Nh5 40. Kd4 Ng7 41. Kc5 Ne6+ 42. Kb6 Nxg5 43. Kxa6 Nxe4 44. a5 Nd2 45. Kb5 1-0

[Event "Moscow ol (Men)"]
[Site "Moscow"]
[Date "1994.??.??"]
[Round "3"]
[White "Sturua, Zurab"]
[Black "Lputian, Smbat G"]
[Result "1/2-1/2"]
[WhiteElo "2535"]
[BlackElo "2590"]
[PlyCount "77"]
[EventDate "1994.11.??"]
[Source "ChessBase"]

1. d4 d5 2. c4 e6 3. Nc3 c5 4. cxd5 exd5 5. Nf3 Nc6 6. g3 c4 7. Bg2 Bb4 8. O-O Nge7 9. e4 O-O 10. exd5 Nxd5 11. Ng5 Nf6 12. d5 Na5 13. Nge4 Nxe4 14. Bxe4 Re8 15. Re1 Bd7 16. Bf4 Qf6 17. Qc2 h6 18. Rad1 Rac8 19. Bg2 Bxc3 20. bxc3 b6 21. d6 Rcd8 22. h4 Qf5 23. Qd2 Re6 24. Rxe6 Bxe6 25. Re1 Qd3 26. Qc1 Qg6 27. Re3 Rd7 28. Qd1 Rd8 29. h5 Qf6 30. Be5 Qg5 31. Qd4 Bd7 32. Bf4 Qf5 33. Bf3 Re8 34. Re7 Rxe7 35. dxe7 Qe6 36. Qd6 Nc6 37. Qxe6 fxe6 38. Bd6 Kf7 39. Bxc6 1/2-1/2

[Event "FRA-chT"]
[Site "?"]
[Date "1996.??.??"]
[Round "?"]
[White "Vaisser Anatoli"]
[Black "Kosten Anthony C"]
[Result "1-0"]
[WhiteElo "2565"]
[BlackElo "2540"]
[PlyCount "47"]
[EventDate "1996.??.??"]
[Source "www.chesslib.no"]
[SourceDate "2004.05.04"]

1. d4 d5 2. c4 e6 3. Nc3 c5 4. cxd5 exd5 5. Nf3 Nc6 6. g3 c4 7. Bg2 Bb4 8. O-O Nge7 9. e4 dxe4 10. Nxe4 O-O 11. Be3 Be6 12. a3 Bd6 13. Nfg5 Bd5 14. Nxh7 f5 15. Neg5 Bxg2 16. Kxg2 Nd5 17. Qf3 Be7 18. Nxf8 Bxg5 19. Ne6 Nxe3+ 20. fxe3 Qf6 21. Nxg5 Qxg5 22. Qd5+ Kh7 23. Rxf5 Qg4 24. Raf1 1-0

[Event "Istanbul (ol) 82/(362)"]
[Site "?"]
[Date "2000.??.??"]
[Round "?"]
[White "Leitao, R."]
[Black "Arencibia, W."]
[Result "1/2-1/2"]
[WhiteElo "2567"]
[BlackElo "2513"]
[PlyCount "31"]
[EventDate "2000.??.??"]
[Source "Chess Informant"]
[SourceDate "2001.06.01"]

1. d4 d5 2. c4 e6 3. Nc3 c5 4. cxd5 exd5 5. Nf3 Nc6 6. g3 c4 7. Bg2 Bb4 8. O-O Nge7 9. Ne5 O-O 10. Nxc6 bxc6 11. Bd2 Nf5 12. Qa4 Rb8 13. e4 dxe4 14. Nxe4 Bxd2 15. Nxd2 Nxd4 16. Nxc4 1/2-1/2

[Event "4th Open A"]
[Site "Moscow RUS"]
[Date "2008.02.04"]
[Round "3"]
[White "Korotylev, A."]
[Black "Chadaev, N."]
[Result "1/2-1/2"]
[WhiteElo "2607"]
[BlackElo "2471"]
[PlyCount "52"]
[EventDate "2008.02.02"]
[Source "www.chesslib.no"]
[SourceDate "2004.05.04"]

1. d4 d5 2. c4 e6 3. Nc3 c5 4. cxd5 exd5 5. Nf3 Nc6 6. g3 c4 7. Bg2 Bb4 8. O-O Nge7 9. e4 O-O 10. exd5 Nxd5 11. Nxd5 Qxd5 12. Be3 Bf5 13. Ne5 Be4 14. Nxc6 Qxc6 15. Bxe4 Qxe4 16. Qa4 Be7 17. Rfc1 h5 18. Qxc4 Rfd8 19. Qb5 Bf6 20. Rc7 Rd5 21. Qxb7 Rad8 22. Rc5 h4 23. Rxd5 Rxd5 24. Rc1 Kh7 25. Qc6 Bxd4 26. Bxd4 h3 1/2-1/2

[Event "Agios Nikolaos Open"]
[Site "Agios Nikolaos GRE"]
[Date "1995.??.??"]
[Round "2"]
[White "Guliev, Sarhan"]
[Black "Graf, Alexander"]
[Result "1/2-1/2"]
[WhiteElo "2470"]
[BlackElo "2605"]
[PlyCount "87"]
[EventDate "1995.??.??"]
[Source "www.chesslib.no"]
[SourceDate "2004.05.04"]

1. d4 d5 2. c4 e6 3. Nc3 c5 4. cxd5 exd5 5. Nf3 Nc6 6. g3 c4 7. Bg2 Bb4 8. O-O Nge7 9. a3 Bxc3 10. bxc3 O-O 11. Nd2 Be6 12. a4 Qa5 13. Bb2 Rad8 14. e4 dxe4 15. Nxe4 b6 16. Ba3 Rd7 17. Rb1 Rfd8 18. Rb5 Qa6 19. Qc2 h6 20. Re1 Qc8 21. Rh5 Rd5 22. Rxd5 Nxd5 23. Nd6 Qc7 24. Nxc4 Ndb4 25. Bxb4 Nxb4 26. cxb4 Qxc4 27. Qxc4 Bxc4 28. d5 Kf8 29. Rc1 Bb3 30. Rc7 a5 31. bxa5 bxa5 32. Rc5 Ra8 33. d6 Rd8 34. Rxa5 Rxd6 35. Bf3 Rd2 36. Ra7 g5 37. a5 Ra2 38. Kg2 Be6 39. h3 Kg7 40. a6 Bc4 41. Bb7 h5 42. Kf3 h4 43. Ra8 Be6 44. Kg2 1/2-1/2

[Event "Moscow 84/332"]
[Site "?"]
[Date "2002.??.??"]
[Round "?"]
[White "Onischuk, Al"]
[Black "Nadanian, A."]
[Result "1/2-1/2"]
[WhiteElo "2655"]
[BlackElo "2407"]
[PlyCount "144"]
[EventDate "2002.??.??"]
[Source "Chess Informant"]
[SourceDate "2002.02.01"]

1. d4 d5 2. c4 e6 3. Nc3 c5 4. cxd5 exd5 5. Nf3 Nc6 6. g3 c4 7. Bg2 Bb4 8. O-O Nge7 9. a3 Ba5 10. Ne5 O-O 11. Bg5 h6 12. Bxe7 Nxe7 13. Rc1 Bf5 14. Nxd5 Nxd5 15. e4 c3 16. b4 Bxe4 17. Bxe4 Bb6 18. Qf3 Bxd4 19. Nxf7 Qf6 20. Bxd5 Qxf3 21. Bxf3 Kxf7 22. Bxb7 Rad8 23. Kg2 Bf6 24. Rfd1 Rxd1 25. Rxd1 Rd8 26. Bd5+ Ke7 27. Re1+ Kf8 28. Be4 g5 29. Re2 Re8 30. Kf1 Bd4 31. Ke1 c2 32. Kd2 Bb2 33. Kxc2 Bxa3 34. Kb3 Bc1 35. Rc2 Rxe4 36. Rxc1 Re7 37. Rc2 Kf7 38. Ka4 g4 39. Ka5 Kf6 40. Ka6 Kg5 41. Rc5+ Kg6 42. Rc4 h5 43. Rf4 Kg5 44. Rf8 Re4 45. Rg8+ Kh6 46. b5 Ra4+ 47. Kb7 Rb4 48. Kc6 Rc4+ 49. Kd5 Rc2 50. Rf8 Rb2 51. Kc6 Rc2+ 52. Kb7 Rb2 53. Rf5 Kg6 54. Rc5 Ra2 55. Rc3 Ra5 56. Rb3 Kg5 57. Rb2 h4 58. Rb4 h3 59. Kc6 Ra2 60. Rf4 Rc2+ 61. Kd5 Rb2 62. Kc4 Rb1 63. Rf7 Rc1+ 64. Kd3 Rb1 65. Kc4 Rc1+ 66. Kd5 Rb1 67. Kc6 Rc1+ 68. Kd5 Rb1 69. Rg7+ Kf5 70. Rf7+ Kg5 71. Ke4 Rb4+ 72. Ke3 Rb3+ 1/2-1/2

[Event "Linares NL"]
[Site "Linares"]
[Date "1992.??.??"]
[Round "?"]
[White "Browne, Walter S"]
[Black "Arencibia, Walter"]
[Result "1/2-1/2"]
[WhiteElo "2515"]
[BlackElo "2535"]
[PlyCount "96"]
[EventDate "1992.09.??"]
[Source "ChessBase"]

1. d4 d5 2. c4 e6 3. Nc3 c5 4. cxd5 exd5 5. Nf3 Nc6 6. g3 c4 7. Bg2 Bb4 8. O-O Nge7 9. a3 Ba5 10. Ne5 O-O 11. e4 dxe4 12. Nxe4 Qxd4 13. Qxd4 Nxd4 14. Nxc4 Bc7 15. Ned6 Be6 16. Be3 Nef5 17. Bxd4 Nxd4 18. Rad1 Rfd8 19. Rxd4 Bxc4 20. Rfd1 Bb3 21. R1d2 Rab8 22. Nxb7 Re8 23. Bf3 Bb6 24. Rb4 Re1+ 25. Kg2 Be6 26. Nd8 a5 27. Nc6 axb4 28. Nxb8 bxa3 29. bxa3 Ra1 30. Bd5 Rxa3 31. Bxe6 fxe6 32. Nd7 Ba7 33. Ne5 h6 34. h4 h5 35. Nc6 Bc5 36. Rd8+ Kh7 37. Ne5 Be7 38. Rd7 Bf6 39. Nd3 Ra1 40. f4 Rd1 41. Kf3 Rf1+ 42. Ke2 Rg1 43. Kf2 Rd1 44. Ke2 Rg1 45. Kf3 Rd1 46. Nc5 Rxd7 47. Nxd7 Bc3 48. Nc5 Be1 1/2-1/2

[Event "Alusta"]
[Site "?"]
[Date "1994.??.??"]
[Round "?"]
[White "Tregubov, P."]
[Black "Moskalenko, V."]
[Result "1-0"]
[WhiteElo "2495"]
[BlackElo "2535"]
[PlyCount "79"]
[EventDate "1994.??.??"]
[Source "ChessBase"]
[SourceDate "1994.02.01"]

1. d4 d5 2. c4 e6 3. Nc3 c5 4. cxd5 exd5 5. Nf3 Nc6 6. g3 c4 7. Bg2 Bb4 8. O-O Nge7 9. e4 O-O 10. exd5 Nxd5 11. Bg5 f6 12. Nxd5 Qxd5 13. Ne5 Qb5 14. a4 Qa6 15. Nxc6 bxc6 16. Bd2 Bxd2 17. Qxd2 Be6 18. Rfe1 Bf7 19. Re7 Rad8 20. Qc3 Rfe8 21. Rxe8+ Rxe8 22. Bf1 Rd8 23. a5 Qb5 24. Rc1 Kh8 25. b4 h6 26. Bxc4 Bxc4 27. Qxc4 Qb7 28. Qc5 Qd7 29. Rc4 Qe6 30. Qxc6 Qe1+ 31. Kg2 f5 32. Qf3 Qe6 33. Rc6 Qd7 34. b5 Qxd4 35. Qxf5 Qb4 36. b6 axb6 37. axb6 Rf8 38. Rc8 Rxc8 39. Qxc8+ Kh7 40. Qc6 1-0

[Event "Dubai op"]
[Site "Dubai"]
[Date "1999.05.02"]
[Round "2"]
[White "Kuzmin, Alexey"]
[Black "Mohamed, Esam Ahmed Nagib"]
[Result "1-0"]
[WhiteElo "2559"]
[BlackElo "2458"]
[PlyCount "113"]
[EventDate "1999.05.??"]
[Source "ChessBase"]
[SourceDate "1999.07.10"]

1. d4 d5 2. c4 e6 3. Nc3 c5 4. cxd5 exd5 5. Nf3 Nc6 6. g3 c4 7. Bg2 Bb4 8. O-O Nge7 9. Ne5 O-O 10. Nxc6 bxc6 11. Bd2 Bg4 12. Na4 Qa5 13. Bxb4 Qxb4 14. b3 Rfe8 15. h3 Bf5 16. Nc5 Nc8 17. Qe1 Qxe1 18. Rfxe1 Nd6 19. e3 a5 20. Rec1 Reb8 21. Bf1 cxb3 22. axb3 h5 23. Ra3 Rb4 24. Nd3 Bxd3 25. Bxd3 Rb6 26. f3 Rab8 27. Bc2 Rb5 28. Bd1 Re8 29. Be2 Rb6 30. Kf2 Kf8 31. Rc5 Ra8 32. Bd3 g6 33. Bc2 Nb7 34. Rc3 Nd6 35. Ra4 f5 36. Rc5 Nb7 37. Rc3 Nd6 38. h4 Ke7 39. Bd1 Kd7 40. Rc1 Rb5 41. Rca1 Kc7 42. b4 Rab8 43. bxa5 Rb2+ 44. Be2 R8b3 45. a6 Kb8 46. R1a2 Nc4 47. Rxb2 Rxb2 48. Ra1 Ka7 49. e4 fxe4 50. fxe4 Rd2 51. Rd1 Rxd1 52. Bxd1 dxe4 53. Be2 Na3 54. Ke3 Nb5 55. Bxb5 cxb5 56. Kxe4 Kxa6 57. d5 1-0

[Event "Dubai op"]
[Site "Dubai"]
[Date "2000.04.29"]
[Round "2"]
[White "Vladimirov, Evgeny"]
[Black "Hakki, Imad"]
[Result "1/2-1/2"]
[WhiteElo "2586"]
[BlackElo "2405"]
[PlyCount "101"]
[EventDate "2000.04.28"]
[Source "www.chesslib.no"]
[SourceDate "2004.05.04"]

1. d4 d5 2. c4 e6 3. Nc3 c5 4. cxd5 exd5 5. Nf3 Nc6 6. g3 c4 7. Bg2 Bb4 8. O-O Nge7 9. e4 O-O 10. exd5 Nxd5 11. Ng5 Nf6 12. Be3 Bxc3 13. bxc3 Bf5 14. Re1 h6 15. Nf3 Be4 16. Bh3 Re8 17. Ne5 Nxe5 18. dxe5 Qxd1 19. Raxd1 Rxe5 20. Rd6 Bc6 21. Red1 Rae8 22. R6d4 Bf3 23. Rc1 Nd5 24. Bd2 b5 25. Bg2 Bxg2 26. Kxg2 Nb6 27. Be3 Nd5 28. Bd2 Nb6 29. Be3 Na4 30. Rd6 R8e6 31. Rxe6 Rxe6 32. Bxa7 Re2 33. Bd4 Rxa2 34. Rb1 Rc2 35. Rxb5 Nxc3 36. Bxc3 Rxc3 37. Rb8+ Kh7 38. h4 h5 39. Rb5 g6 40. Rc5 Kg7 41. Rc6 Rc1 42. Kf3 c3 43. Ke3 Rc2 44. Kf3 Kf8 45. Rc7 Rc1 46. Ke3 c2 47. Kf3 Ke8 48. Kg2 Kd8 49. Rc3 Kd7 50. Rc4 Kd6 51. Rc8 1/2-1/2

[Event "BL2-N9798"]
[Site "Germany"]
[Date "1998.??.??"]
[Round "8.1"]
[White "Lamprecht, Frank"]
[Black "Hansen, Lars Bo"]
[Result "1/2-1/2"]
[WhiteElo "2410"]
[BlackElo "2570"]
[PlyCount "43"]
[EventDate "1997.10.??"]
[Source "www.chesslib.no"]
[SourceDate "2004.05.04"]

1. d4 d5 2. c4 e6 3. Nc3 c5 4. cxd5 exd5 5. Nf3 Nc6 6. g3 c4 7. Bg2 Bb4 8. O-O Nge7 9. Ne5 O-O 10. Nxc6 bxc6 11. Bg5 f6 12. Bd2 Re8 13. Re1 Rb8 14. e4 Bxc3 15. Bxc3 Be6 16. Qa4 dxe4 17. Bxe4 Qd7 18. Bg2 Kh8 19. Re2 Nd5 20. Rae1 Nxc3 21. bxc3 Bd5 22. Rxe8+ 1/2-1/2

[Event "Politiken Cup"]
[Site "Copenhagen"]
[Date "2004.07.30"]
[Round "8"]
[White "Cech, Pavel"]
[Black "Hansen, Lars Bo"]
[Result "1/2-1/2"]
[WhiteElo "2404"]
[BlackElo "2572"]
[PlyCount "113"]
[EventDate "2004.07.24"]
[Source "Roberto Alvarez"]
[SourceDate "2004.08.10"]

1. d4 d5 2. c4 e6 3. Nc3 c5 4. cxd5 exd5 5. Nf3 Nc6 6. g3 c4 7. Bg2 Bb4 8. O-O Nge7 9. a3 Ba5 10. e4 dxe4 11. Nxe4 O-O 12. Bd2 Bg4 13. Bc3 Nf5 14. d5 Bxc3 15. bxc3 Ne5 16. h3 Nxf3+ 17. Bxf3 Bxh3 18. Re1 Nd6 19. Qd4 Nxe4 20. Rxe4 Qd6 21. Qxc4 Rac8 22. Qd4 b5 23. Re3 a6 24. Qb4 Qf6 25. a4 Rc4 26. Qb3 g6 27. axb5 axb5 28. Qxb5 Rxc3 29. Qb2 Rc6 30. Qxf6 Rxf6 31. Bg2 Bg4 32. Rae1 Bd7 33. Re7 Rd6 34. Rc1 Rd8 35. Rc7 h5 36. Re1 Kg7 37. Ra7 Kf6 38. Rb1 Bf5 39. Rbb7 R8d7 40. f4 Rxb7 41. Rxb7 Ra6 42. Rb2 Ra4 43. Rd2 Ke7 44. Kf2 h4 45. Bf3 hxg3+ 46. Kxg3 Kd6 47. Rb2 Be4 48. Bxe4 Rxe4 49. Rb6+ Kxd5 50. Rf6 Re7 51. Kg4 Ra7 52. Kg5 Ke4 53. Kh6 Kf3 54. Kg7 Ra4 55. Kxf7 Rxf4 56. Rxf4+ Kxf4 57. Kxg6 1/2-1/2

[Event "Carlos Torre mem op"]
[Site "Merida"]
[Date "1997.??.??"]
[Round "9"]
[White "Arencibia, Walter"]
[Black "Calderin, Roberto"]
[Result "1/2-1/2"]
[WhiteElo "2550"]
[BlackElo "2420"]
[PlyCount "56"]
[EventDate "1997.??.??"]
[Source "www.chesslib.no"]
[SourceDate "2004.05.04"]

1. d4 d5 2. c4 e6 3. Nc3 c5 4. cxd5 exd5 5. Nf3 Nc6 6. g3 c4 7. Bg2 Bb4 8. O-O Nge7 9. e4 dxe4 10. Nxe4 O-O 11. Qc2 Bf5 12. Be3 Ng6 13. Rfd1 Qe7 14. Nfd2 Rac8 15. a3 Bxd2 16. Rxd2 Na5 17. Re1 Nb3 18. Rdd1 Qd7 19. Qc3 b6 20. h4 Rfe8 21. Nd2 Nxd2 22. Bxd2 Bd3 23. Rxe8+ Rxe8 24. Re1 Rxe1+ 25. Bxe1 Ne7 26. d5 Nxd5 27. Qe5 Nf6 28. Bc3 h6 1/2-1/2

[Event "Voskresensk"]
[Site "?"]
[Date "1990.??.??"]
[Round "?"]
[White "Miralles, G."]
[Black "Tseitlin, Mikh"]
[Result "0-1"]
[WhiteElo "2460"]
[BlackElo "2510"]
[PlyCount "50"]
[EventDate "1990.??.??"]
[Source "ChessBase"]
[SourceDate "1990.07.01"]

1. d4 d5 2. c4 e6 3. Nc3 c5 4. cxd5 exd5 5. Nf3 Nc6 6. g3 c4 7. Bg2 Bb4 8. O-O Nge7 9. e4 O-O 10. exd5 Nxd5 11. Ne4 Bg4 12. Be3 Re8 13. Qc2 h6 14. Ne5 Nxe5 15. dxe5 Nxe3 16. fxe3 Qd3 17. Qf2 Re7 18. a3 Ba5 19. h3 Be2 20. Nc5 Bxf1 21. Nxd3 Bxd3 22. Kh2 Rxe5 23. Bxb7 Rb8 24. Bc6 Rb6 25. Bg2 Rf5 0-1

[Event "Itau Mercosul Cup 4th"]
[Site "Sao Paulo"]
[Date "2000.10.20"]
[Round "5"]
[White "Leitao, Rafael"]
[Black "Pelikian, Jefferson"]
[Result "1-0"]
[WhiteElo "2567"]
[BlackElo "2394"]
[PlyCount "145"]
[EventDate "2000.10.??"]
[Source "www.chesslib.no"]
[SourceDate "2004.05.04"]

1. d4 d5 2. c4 e6 3. Nc3 c5 4. cxd5 exd5 5. Nf3 Nc6 6. g3 c4 7. Bg2 Bb4 8. O-O Nge7 9. Ne5 O-O 10. Nxc6 bxc6 11. Bd2 Bxc3 12. Bxc3 Re8 13. Re1 Be6 14. b3 cxb3 15. axb3 Qb6 16. Ba5 Qb7 17. Qc2 Nf5 18. Qc5 Qd7 19. Rec1 Rec8 20. Bb4 Rcb8 21. Ra3 Rb5 22. Qc3 h5 23. Rca1 Nh6 24. Bc5 Rb7 25. b4 Bh3 26. Bh1 Ng4 27. Ra6 Nf6 28. Qa3 Bg4 29. Bf3 Ne4 30. Bxa7 Bxf3 31. exf3 Ng5 32. f4 Ne4 33. Bc5 Rxa6 34. Qxa6 h4 35. Qe2 g6 36. Ra8+ Kg7 37. Bf8+ Kh7 38. f3 Nf6 39. Qe5 Qf5 40. Qxf5 gxf5 41. Bd6 h3 42. Kf2 Nd7 43. Ra6 Nb8 44. Ra3 Nd7 45. Ra8 Nb6 46. Ra6 Nc4 47. Bc5 Rb8 48. g4 fxg4 49. fxg4 Re8 50. Rxc6 Re3 51. Rf6 Kg7 52. Rf5 Rb3 53. Rxd5 Ne3 54. Rg5+ Kh7 55. d5 Nd1+ 56. Ke1 Nb2 57. Rh5+ Kg6 58. f5+ Kf6 59. Bd4+ Ke7 60. f6+ Kd6 61. Be5+ Kd7 62. Bxb2 Rxb2 63. Rxh3 Rxb4 64. g5 Rg4 65. Rg3 Rh4 66. h3 Kd6 67. Rf3 Rh8 68. Rf5 Kd7 69. Kf2 Ke8 70. Kg3 Kd7 71. h4 Ra8 72. Kg4 Ra4+ 73. Rf4 1-0

[Event "Asia-chT"]
[Site "Singapore"]
[Date "1995.??.??"]
[Round "3"]
[White "Sharavdorj, Dashzeveg"]
[Black "Graf, Alexander"]
[Result "1/2-1/2"]
[WhiteElo "2375"]
[BlackElo "2585"]
[PlyCount "75"]
[EventDate "1995.12.??"]
[Source "ChessBase"]

1. d4 d5 2. c4 e6 3. Nc3 c5 4. cxd5 exd5 5. Nf3 Nc6 6. g3 c4 7. Bg2 Bb4 8. O-O Nge7 9. e4 O-O 10. exd5 Nxd5 11. Bg5 Qa5 12. Nxd5 Qxd5 13. a3 Ba5 14. Ne5 Qb5 15. a4 Qa6 16. Nxc6 bxc6 17. Bd2 Bxd2 18. Qxd2 Be6 19. f4 Bf5 20. Rfe1 Rab8 21. Re5 Bd3 22. Rc5 Qb6 23. Bxc6 Rfd8 24. Re1 g6 25. a5 Qxb2 26. Qxb2 Rxb2 27. Re8+ Rxe8 28. Bxe8 Rd2 29. Bb5 c3 30. Bxd3 Rxd3 31. Kf2 a6 32. Ke2 Rxd4 33. Rxc3 Rd5 34. Ra3 Rh5 35. h4 Rf5 36. Kd3 Kg7 37. Ke4 h5 38. Kf3 1/2-1/2

[Event "URS Team Ch"]
[Site "Podolsk RUS"]
[Date "1990.??.??"]
[Round "?"]
[White "Kuzmin, Alexey"]
[Black "Lukin, Andrei M"]
[Result "1/2-1/2"]
[WhiteElo "2495"]
[BlackElo "2465"]
[PlyCount "45"]
[EventDate "1990.??.??"]
[Source "www.chesslib.no"]
[SourceDate "2004.05.04"]

1. d4 d5 2. c4 e6 3. Nc3 c5 4. cxd5 exd5 5. Nf3 Nc6 6. g3 c4 7. Bg2 Bb4 8. O-O Nge7 9. Ne5 O-O 10. Nxc6 bxc6 11. Bd2 Rb8 12. Na4 Nf5 13. Bxb4 Rxb4 14. e3 Nd6 15. b3 Bf5 16. Nc5 Qe7 17. Re1 Ne4 18. Nxe4 Bxe4 19. Bxe4 Qxe4 20. Qb1 Qe7 21. Qc2 c5 22. bxc4 Rxc4 23. Qf5 1/2-1/2

[Event "Majdanpek"]
[Site "Majdanpek"]
[Date "1976.??.??"]
[Round "5"]
[White "Tarjan, James Edward"]
[Black "Raicevic, Vladimir"]
[Result "1/2-1/2"]
[WhiteElo "2490"]
[BlackElo "2465"]
[PlyCount "96"]
[EventDate "1976.01.??"]
[Source "ChessBase"]

1. d4 d5 2. c4 e6 3. Nc3 c5 4. cxd5 exd5 5. Nf3 Nc6 6. g3 c4 7. Bg2 Bb4 8. O-O Nge7 9. Bd2 O-O 10. b3 Na5 11. Ne1 Bf5 12. Nc2 Bxc2 13. Qxc2 Rc8 14. Qb2 a6 15. bxc4 Rxc4 16. a3 Bxc3 17. Bxc3 Nac6 18. e3 b5 19. Rfc1 Na5 20. Bb4 Re8 21. a4 Rxc1+ 22. Rxc1 Nc4 23. Qb3 Qd7 24. Bxe7 Rxe7 25. axb5 axb5 26. Qb4 Re8 27. Qc5 Rd8 28. h4 Nd2 29. Qxd5 Qxd5 30. Bxd5 g5 31. Rc5 gxh4 32. gxh4 Rb8 33. Rc2 Nb1 34. Kg2 b4 35. Bb3 Nc3 36. Kf3 Rb6 37. e4 Rf6+ 38. Ke3 Nd1+ 39. Ke2 Nc3+ 40. Ke3 Nd1+ 41. Kd2 Nc3 42. e5 Rxf2+ 43. Kd3 Rf4 44. Kc4 Rxh4 45. Kxb4 Ne4 46. Rc8+ Kg7 47. Rc7 Ng5 48. Kc5 Re4 1/2-1/2

[Event "Budapest Spring Open"]
[Site "Budapest HUN"]
[Date "1994.??.??"]
[Round "5"]
[White "Korotylev, Alexey"]
[Black "Moskalenko, Viktor"]
[Result "0-1"]
[WhiteElo "2415"]
[BlackElo "2535"]
[PlyCount "44"]
[EventDate "1994.03.??"]
[Source "www.chesslib.no"]
[SourceDate "2004.05.04"]

1. d4 d5 2. c4 e6 3. Nc3 c5 4. cxd5 exd5 5. Nf3 Nc6 6. g3 c4 7. Bg2 Bb4 8. O-O Nge7 9. e4 O-O 10. Nxd5 Nxd5 11. exd5 Qxd5 12. Be3 Bf5 13. Ne5 Qb5 14. Qf3 Bd3 15. Nxd3 cxd3 16. Rfd1 Rad8 17. d5 Ne5 18. Qe4 Rfe8 19. Bd4 Nc6 20. Qxd3 Re1+ 21. Rxe1 Qxd3 22. Red1 Qxd4 0-1

[Event "SWE-chT 0102"]
[Site "?"]
[Date "2002.03.16"]
[Round "10"]
[White "Dzevlan Miralem"]
[Black "Jepson Christian"]
[Result "1/2-1/2"]
[WhiteElo "2447"]
[BlackElo "2503"]
[PlyCount "128"]
[EventDate "2002.??.??"]
[Source "www.chesslib.no"]
[SourceDate "2004.05.04"]

1. d4 d5 2. c4 e6 3. Nc3 c5 4. cxd5 exd5 5. Nf3 Nc6 6. g3 c4 7. Bg2 Bb4 8. O-O Nge7 9. Ne5 O-O 10. Bf4 Be6 11. Nxc6 Nxc6 12. e4 Bxc3 13. bxc3 Qd7 14. Rb1 Ne7 15. f3 b6 16. Re1 Ng6 17. Qd2 Rfe8 18. h4 f6 19. Kh2 Rad8 20. Be3 dxe4 21. fxe4 Ne5 22. Bf4 Nd3 23. Rf1 Bg4 24. Qc2 b5 25. a4 b4 26. cxb4 Qxd4 27. b5 Nxf4 28. Rxf4 Bd1 29. Qa2 Bb3 30. Qa3 Qe3 31. Rb2 Rd3 32. Rf3 Qxe4 33. Rxd3 Qxd3 34. a5 Bc2 35. Qc5 Re2 36. Qc6 c3 37. Rb4 h5 38. b6 axb6 39. axb6 Qd2 40. b7 Be4 41. b8=Q+ Kh7 42. Qxe4+ Rxe4 43. Rxe4 c2 44. Qe8 c1=Q 45. Re2 Qxe2 46. Qxe2 Qh6 47. Bf3 g6 48. Qe7+ Qg7 49. Qe8 Qg8 50. Qe7+ Qg7 51. Qe6 Kh6 52. Kh3 Kh7 53. Be4 Qf8 54. Kg2 Kg7 55. Bc6 Qf7 56. Qe4 g5 57. Bd5 Qf8 58. Qf5 gxh4 59. gxh4 Qe8 60. Be4 Qe5 61. Qh7+ Kf8 62. Bg6 Qe2+ 63. Kg1 Qe1+ 64. Kg2 Qe2+ 1/2-1/2

[Event "Open"]
[Site "?"]
[Date "2005.07.12"]
[Round "9"]
[White "Garcia Roman Daniel"]
[Black "Moskalenko Viktor"]
[Result "1/2-1/2"]
[WhiteElo "2390"]
[BlackElo "2534"]
[PlyCount "107"]
[EventDate "2005.??.??"]
[Source "www.chesslib.no"]
[SourceDate "2004.05.04"]

1. d4 d5 2. c4 e6 3. Nc3 c5 4. cxd5 exd5 5. Nf3 Nc6 6. g3 c4 7. Bg2 Bb4 8. O-O Nge7 9. Ne5 Bxc3 10. bxc3 O-O 11. Ba3 Re8 12. e4 Be6 13. Nxc4 dxc4 14. d5 Bd7 15. dxc6 Bxc6 16. Qxd8 Raxd8 17. Rad1 Ng6 18. Bc5 b6 19. Rxd8 Rxd8 20. Bd4 Nf8 21. e5 Bxg2 22. Kxg2 Ne6 23. Be3 Kf8 24. a4 Rd3 25. a5 b5 26. Bxa7 Rxc3 27. Ra1 b4 28. a6 b3 29. Bc5+ Ke8 30. a7 Nc7 31. a8=Q+ Nxa8 32. Rxa8+ Kd7 33. Rb8 Kc6 34. e6 fxe6 35. Bd4 Rc2 36. Bxg7 Kd5 37. Kf3 e5 38. Rb5+ Kc6 39. Rb8 Kd5 40. Rb5+ Kc6 41. Rxe5 b2 42. Re1 c3 43. Rb1 Kd5 44. Bxc3 Rxc3+ 45. Kf4 Rc2 46. h4 Rxf2+ 47. Kg5 Kd4 48. g4 Kc3 49. Kh6 Rf4 50. h5 Rxg4 51. Kxh7 Kc2 52. Rxb2+ Kxb2 53. h6 Kc3 54. Kh8 1/2-1/2